Die 50 größten Städte Deutschlands nach Flaggen - Statistiken

Allgemein
  • Dieses Quiz wurde 154 mal gespielt
  • Das Durchschnittsergebnis liegt bei 18 aus 50
Antwortstatistiken
Bildquiz Antwort % Korrekt
Berlin
99%
Hamburg
96%
Köln
79%
München
75%
Stuttgart
69%
Bremen
65%
Frankfurt
65%
Dortmund
61%
Düsseldorf
59%
Leipzig
56%
Dresden
55%
Essen
55%
Hannover
52%
Augsburg
51%
Nürnberg
49%
Duisburg
42%
Bochum
38%
Mainz
37%
Halle (Saale)
36%
Bonn
33%
Kiel
33%
Wuppertal
32%
Bielefeld
31%
Magdeburg
30%
Mannheim
30%
Rostock
29%
Karlsruhe
28%
Münster
28%
Gelsenkirchen
26%
Mönchengladbach
25%
Oberhausen
25%
Wiesbaden
25%
Braunschweig
23%
Erfurt
23%
Aachen
22%
Freiburg im Breisgau
21%
Kassel
21%
Saarbrücken
21%
Krefeld
19%
Leverkusen
19%
Lübeck
19%
Osnabrück
18%
Potsdam
17%
Hamm
15%
Chemnitz
14%
Ludwigshafen am Rhein
14%
Solingen
14%
Hagen
13%
Oldenburg
13%
Mülheim an der Ruhr
9%
Keine übereinstimmenden Quizze gefunden
Verteilung der Resultate
Anzahl Personen mit jedem Resultat
Perzentil nach korrekt beantworteten Fragen
Ihre Resultats-Entwicklung
Sie haben dieses Quiz noch nicht gespielt